Words That Rhyme With "Fret" - Statistics

General Stats
  • This quiz has been taken 218 times
  • The average score is 13 of 15
Answer Stats
Words % Correct
Bet
99%
Met
99%
Pet
99%
Let
97%
Net
97%
Set
97%
Whet
97%
Wet
96%
Get
94%
Jet
87%
Vet
87%
Yet
85%
Debt
68%
Sweat
48%
Threat
37%
No matching quizzes found
Score Distribution
Percent of People with Each Score
Percentile by Number Answered
Your Score History
You have not taken this quiz